书目信息 |
| 题名: |
新时代 新理念
|
|
| 作者: | 王世英 主编 | |
| 分册: | ||
| 出版信息: | 西安 陕西人民出版社 2019 |
|
| 页数: | 260页 | |
| 开本: | 26cm | |
| 丛书名: | ||
| 单 册: | ||
| 中图分类: | G632.0-53 | |
| 科图分类: | ||
| 主题词: | 中学--教学研究--文集 | |
| 电子资源: | ||
| ISBN: | 978-7-224-13196-3 | |
| 000 | 00879nam0 2200241 450 | |
| 001 | 012001002190 | |
| 005 | 20140202120151.0 | |
| 010 | @a978-7-224-13196-3@dCNY48.00 | |
| 100 | @a20220905d2019 em y0chiy50 ea | |
| 101 | 0 | @achi |
| 102 | @aCN@b610000 | |
| 105 | @ay z 000yy | |
| 106 | @ar | |
| 200 | 1 | @a新时代 新理念@Axin shi dai xin li nian@e榆林二中教师教研成果集萃@f王世英主编 |
| 210 | @a西安@c陕西人民出版社@d2019 | |
| 215 | @a260页@d26cm | |
| 330 | @a本书收录了《薄弱老校改革发展策略探索》《新时代做好学校党建工作的几点认识》《高中语文作文教学困境分析及对策研究》《高中生物教学措施》等文章。 | |
| 517 | 1 | @a榆林二中教师教研成果集萃@Ayu lin er zhong jiao shi jiao yan cheng guo ji cui |
| 606 | 0 | @a中学@x教学研究@j文集 |
| 690 | @aG632.0-53@v5 | |
| 701 | 0 | @a王世英@Awang shi ying@4主编 |
| 801 | 0 | @aCN@bAHXH@c20221111 |
| 905 | @b1367707-11@dG632.0-53@e1371@f5 | |
| 新时代 新理念:榆林二中教师教研成果集萃/王世英主编.-西安:陕西人民出版社,2019 |
| 260页;26cm |
| ISBN 978-7-224-13196-3:CNY48.00 |
| 本书收录了《薄弱老校改革发展策略探索》《新时代做好学校党建工作的几点认识》《高中语文作文教学困境分析及对策研究》《高中生物教学措施》等文章。 |
| ● |
| 相关链接 |
|
|
|
|
正题名:新时代 新理念
索取号:G632.0-53/1371
 
预约/预借
| 序号 | 登录号 | 条形码 | 馆藏地/架位号 | 状态 | 备注 |
| 1 | 1367707 | 213677074 | 第一样本阅览室/ [索取号:G632.0-53/1371] | 在馆 | |
| 2 | 1367708 | 213677083 | 教育系资料室/ [索取号:G632.0-53/1371] | 在馆 | |
| 3 | 1367709 | 213677092 | 教育系资料室/ [索取号:G632.0-53/1371] | 在馆 | |
| 4 | 1367710 | 213677109 | 第四借阅区/ [索取号:G632.0-53/1371] | 在馆 | |
| 5 | 1367711 | 213677118 | 第四借阅区/ [索取号:G632.0-53/1371] | 在馆 |